00577nam a22001457a 4500003000500000038001800005082000800023100002800031245019000059264003500249300002400284650003100308700003500339856005700374NUST aNusrat Nadeem a200 aShah, Syed Hassan Ahmed aOptimal wireless power transfer to hybrid energy storage system for electric vehicles: A comparative analysis of machine learning-based model-free controllers/cSyed Hassan Ahmed Shah,  aIslamabad,bSEECS NUST,c2023. aill,b57,p:c30,cm. aMS-Electrical Engineering  aSupervisor: Dr. Iftikhar Ahmad uhttp://10.250.8.41:8080/xmlui/handle/123456789/38480